000 00687nam a2200193Ia 4500
008 220216s9999 xx 000 0 und d
100 _aMathew J
245 2 _aA Novel approach for abatement of pollution, reuse of treated water and utilization of bioenergy in rubber sheet processing
260 _bPLACROSYM XVIII. 10-13 December 2008, National Research Centre for Cashew, Puttur, Karnataka. Journal of Plantation Crops, 36 (3): 491-495.
_c2008
520 _aDL
650 _aBioenergy
650 _aPollution
650 _aRubber sheet processing treated water
700 _aDoraisamy P
700 _aJacob C K
700 _aKamaraj S
700 _aKuruvilla E
942 _cJS
999 _c53479
_d53479